[Event "DEN-ch cand"]
[Site "Svendborg"]
[Date "2019.04.21"]
[Round "6"]
[White "Nord, Michael"]
[Black "Vasova, Mariya"]
[Result "1-0"]
[WhiteElo "2066"]
[BlackElo "2124"]
[PlyCount "57"]
[EventDate "2019.04.16"]
[EventType "swiss"]
[EventRounds "7"]
[EventCountry "DEN"]
[SourceTitle "EXT 2020"]
[Source "ChessBase"]
[SourceDate "2019.10.17"]
[SourceVersion "1"]
[SourceVersionDate "2019.10.17"]
[SourceQuality "1"]

1. e4 c6 2. d4 d5 3. exd5 cxd5 4. c4 e6 5. Nc3 Nf6 6. Bg5 Be7 7. cxd5 Nxd5 8. Bxe7 Nxe7 9. Nf3 Nbc6 10. Bd3 Ng6 11. 0-0 0-0 12. Rc1 Nf4 13. Bb1 f5 14. Qd2 Ng6 15. Rfd1 Qf6 16. a3 Rd8 17. Qe3 Nce7 18. Ba2 Kh8 19. Re1 Nf8 20. Nb5 Nd5 21. Bxd5 exd5 22. Qe7 Ne6 23. Qxf6 gxf6 24. Nc7 Nxc7 25. Rxc7 Bd7 26. Re7 Rac8 27. Rexd7 Rxd7 28. Rxc8+ Kg7 29. g3 1-0

[Event "DEN-ch cand"]
[Site "Svendborg"]
[Date "2019.04.18"]
[Round "3"]
[White "Vasova, Mariya"]
[Black "Christensen, Lars"]
[Result "1/2-1/2"]
[WhiteElo "2124"]
[BlackElo "2042"]
[PlyCount "127"]
[EventDate "2019.04.16"]
[EventType "swiss"]
[EventRounds "7"]
[EventCountry "DEN"]
[SourceTitle "EXT 2020"]
[Source "ChessBase"]
[SourceDate "2019.10.17"]
[SourceVersion "1"]
[SourceVersionDate "2019.10.17"]
[SourceQuality "1"]

1. e4 d5 2. exd5 Qxd5 3. Nc3 Qa5 4. Nf3 Bg4 5. d4 c6 6. Be2 e6 7. Ne5 Bxe2 8. Qxe2 Nf6 9. 0-0 Nbd7 10. Re1 Nxe5 11. dxe5 Nd7 12. Bd2 Bb4 13. a3 Bxc3 14. Bxc3 Qc7 15. Qg4 g6 16. Qf3 0-0 17. h4 Rae8 18. h5 h6 19. Qe3 Kg7 20. Qxa7 c5 21. Qa4 Nb6 22. Qh4 Qe7 23. Qxe7 Rxe7 24. Re4 Ra8 25. hxg6 fxg6 26. Bd2 Ra4 27. Rxa4 Nxa4 28. b3 Nb6 29. Ba5 Nd7 30. Bc7 g5 31. g4 h5 32. gxh5 Kh6 33. a4 g4 34. a5 Kxh5 35. a6 bxa6 36. Rxa6 Kg6 37. Ra5 Kf5 38. c4 Ke4 39. Bd6 Re8 40. b4 cxb4 41. Rb5 Kd4 42. Kg2 Rc8 43. Rxb4 Nxe5 44. Bxe5+ Kxe5 45. Kg3 Kd4 46. c5+ Kxc5 47. Rxg4 Rf8 48. Rg5+ Kd6 49. f4 Rf7 50. Kg4 Rf8 51. Rg7 Rf5 52. Ra7 Rf8 53. Kg5 Rf5+ 54. Kg4 Rf8 55. Ra6+ Ke7 56. Ra5 Kd6 57. Kf3 Kd7 58. Ke4 Kd6 59. Ra6+ Kd7 60. Rb6 Rf5 61. Rb7+ Kd6 62. Rg7 Rf8 63. Rg6 Rf5 64. Rh6 1/2-1/2

[Event "Olympiad Women-43"]
[Site "Batumi"]
[Date "2018.10.03"]
[Round "9.2"]
[White "Alkaseir, Roaa"]
[Black "Vasova, Mariya"]
[Result "0-1"]
[WhiteElo "1708"]
[BlackElo "2143"]
[PlyCount "66"]
[EventDate "2018.09.24"]
[EventType "team-swiss"]
[EventRounds "11"]
[EventCountry "GEO"]
[SourceTitle "EXT 2020"]
[Source "ChessBase"]
[SourceDate "2019.10.17"]
[SourceVersion "1"]
[SourceVersionDate "2019.10.17"]
[SourceQuality "1"]
[WhiteTeam "Syria (W)"]
[BlackTeam "Denmark (W)"]
[WhiteTeamCountry "SYR"]
[BlackTeamCountry "DEN"]

1. e4 c6 2. d4 d5 3. Nc3 g6 4. h3 Bg7 5. Nf3 dxe4 6. Nxe4 Nd7 7. Bd3 Ngf6 8. Nxf6+ Nxf6 9. 0-0 0-0 10. Re1 Qc7 11. Qe2 Re8 12. Ne5 Be6 13. Bd2 Rad8 14. c3 a5 15. Bf4 Nd5 16. Bg3 Qc8 17. h4 Nf6 18. Nc4 Bxc4 19. Bxc4 b5 20. Bb3 h5 21. Be5 Ng4 22. Bxg7 Kxg7 23. Qf3 e6 24. Re4 a4 25. Bc2 Rd5 26. Rae1 c5 27. Rf4 f5 28. dxc5 Qxc5 29. Rb4 Rd2 30. Re2 Red8 31. Rxg4 hxg4 32. Rxd2 Rxd2 33. Qb7+ Kf6 0-1

[Event "Aarhus-chB"]
[Site "Aarhus"]
[Date "2018.02.17"]
[Round "2"]
[White "Vasova, Mariya"]
[Black "Jensen, Jacob Bjerre"]
[Result "1-0"]
[WhiteElo "2196"]
[BlackElo "2141"]
[PlyCount "107"]
[EventDate "2018.02.16"]
[EventType "tourn"]
[EventRounds "5"]
[EventCountry "DEN"]
[SourceTitle "CBM 183 Extra"]
[Source "ChessBase"]
[SourceDate "2018.04.19"]
[SourceVersion "1"]
[SourceVersionDate "2018.04.19"]
[SourceQuality "1"]

1. e4 e6 2. d4 d5 3. Nd2 Nf6 4. e5 Nfd7 5. Bd3 c5 6. c3 Nc6 7. Ne2 b6 8. 0-0 cxd4 9. cxd4 Nb4 10. Bb1 Ba6 11. Nf3 Rc8 12. a3 Nc6 13. Re1 Be7 14. Bd3 Bxd3 15. Qxd3 Ndb8 16. Bd2 g5 17. Rec1 0-0 18. h3 Kh8 19. Rc3 Rg8 20. Rac1 a6 21. Nh2 Qd7 22. Qf3 Rg6 23. Qd3 Na7 24. Rxc8+ Nxc8 25. Ng3 f5 26. exf6 Bxf6 27. Ng4 Bg7 28. Nh5 Nd6 29. Nxg7 Rxg7 30. Ne5 Qd8 31. Bb4 Ne4 32. f3 Ng3 33. Bd2 Nf5 34. Nc6 Nxc6 35. Rxc6 Qf6 36. Bc3 Nh4 37. Rxb6 Qf4 38. Rxe6 Rf7 39. Re3 h5 40. Qe2 Nf5 41. Re8+ Kh7 42. Qe5 Qc1+ 43. Kh2 Ng7 44. Qe3 Qf1 45. Re7 Rf5 46. Qe1 Qb5 47. Qe6 Qb8+ 48. Kg1 Qf4 49. Qd7 Qc1+ 50. Kh2 Qf4+ 51. g3 Qxf3 52. Rxg7+ Kh6 53. Rh7+ Kg6 54. Qg7# 1-0

[Event "Aarhus Chess House IM"]
[Site "Aarhus"]
[Date "2017.02.11"]
[Round "2"]
[White "Bolding, Klaus"]
[Black "Vasova, Mariya"]
[Result "1/2-1/2"]
[WhiteElo "2307"]
[BlackElo "2211"]
[PlyCount "81"]
[EventDate "2017.02.10"]
[EventType "tourn"]
[EventRounds "9"]
[EventCountry "DEN"]
[EventCategory "4"]
[SourceTitle "CBM 176 Extra"]
[Source "ChessBase"]
[SourceDate "2017.03.02"]
[SourceVersion "1"]
[SourceVersionDate "2017.03.02"]
[SourceQuality "1"]

1. g3 d5 2. Bg2 Nf6 3. d3 c6 4. Nf3 Bf5 5. 0-0 e6 6. Nbd2 Be7 7. b3 h6 8. Bb2 0-0 9. c4 Nbd7 10. a3 a5 11. Bc3 Re8 12. Qc1 Bd6 13. b4 a4 14. Re1 e5 15. e4 Bh7 16. Nh4 Qc7 17. Qc2 d4 18. Bb2 c5 19. b5 Bf8 20. Re2 Nb6 21. Rf1 Nc8 22. Bc1 Ne7 23. Ree1 g5 24. Nhf3 Ng6 25. h3 Nh5 26. Nh2 Qe7 27. Ng4 Bg7 28. Qd1 Nf6 29. Nh2 Rf8 30. Kh1 Kh8 31. Ndf3 Ne8 32. Ng1 Qc7 33. Bf3 Nf6 34. Bg4 Ng8 35. Bd2 N8e7 36. Qf3 Qd6 37. Bf5 b6 38. Ne2 Rae8 39. Qg2 Rg8 40. Bg4 Ref8 41. Bf5 1/2-1/2

[Event "Wch U18 Girls"]
[Site "Porto Carras"]
[Date "2015.11.05"]
[Round "11"]
[White "Vasova, Mariya"]
[Black "Srija, Seshadri"]
[Result "0-1"]
[WhiteElo "2120"]
[BlackElo "1911"]
[PlyCount "80"]
[EventDate "2015.10.25"]
[EventType "swiss"]
[EventRounds "11"]
[EventCountry "GRE"]
[SourceTitle "CBM 169 Extra"]
[Source "ChessBase"]
[SourceDate "2015.12.18"]
[SourceVersion "1"]
[SourceVersionDate "2015.12.18"]
[SourceQuality "1"]

1. e4 e5 2. Nf3 Nc6 3. Bc4 Bc5 4. d3 Nf6 5. Bb3 d6 6. c3 a6 7. 0-0 Ba7 8. Nbd2 0-0 9. h3 Ne7 10. Re1 Ng6 11. Nf1 h6 12. Ng3 c6 13. d4 Re8 14. Bc2 Qc7 15. Be3 Be6 16. Qd2 Rad8 17. Rad1 b5 18. Qc1 Bb8 19. a4 Qb7 20. dxe5 dxe5 21. b4 Ba7 22. Nf5 Rxd1 23. Rxd1 Bxf5 24. exf5 Nf8 25. Rd6 Bxe3 26. Qxe3 N8d7 27. Be4 Nd5 28. Qd3 N7f6 29. Nd2 bxa4 30. Bxd5 Nxd5 31. Ne4 a3 32. Rxd5 cxd5 33. Nd6 a2 34. Nxb7 a1Q+ 35. Kh2 d4 36. Nd6 Qxc3 37. Qxa6 Rf8 38. b5 d3 39. Ne4 Qd4 40. Nd2 Qf4+ 0-1

[Event "Wch U18 Girls"]
[Site "Porto Carras"]
[Date "2015.11.02"]
[Round "8"]
[White "Vasova, Mariya"]
[Black "Khomeriki, Nino"]
[Result "1/2-1/2"]
[WhiteElo "2120"]
[BlackElo "2295"]
[PlyCount "144"]
[EventDate "2015.10.25"]
[EventType "swiss"]
[EventRounds "11"]
[EventCountry "GRE"]
[SourceTitle "CBM 169 Extra"]
[Source "ChessBase"]
[SourceDate "2015.12.18"]
[SourceVersion "1"]
[SourceVersionDate "2015.12.18"]
[SourceQuality "1"]

1. e4 e6 2. d4 d5 3. Nd2 Nf6 4. e5 Nfd7 5. f4 c5 6. c3 Nc6 7. Ndf3 cxd4 8. cxd4 a5 9. Bd3 a4 10. a3 Nb6 11. Ne2 Be7 12. 0-0 Bd7 13. Bd2 Nc4 14. Bxc4 dxc4 15. f5 Na5 16. Qc2 0-0 17. Ng3 Bc6 18. Bc3 Bd5 19. Rae1 Nc6 20. Nd2 Bh4 21. Nde4 exf5 22. Rxf5 Ne7 23. Rf3 Ra6 24. Ref1 Rg6 25. Ne2 Bg5 26. Bb4 b5 27. Nf4 Bxf4 28. Rxf4 Re8 29. g3 Nc8 30. Nc3 Bc6 31. Qf2 h5 32. Rxf7 h4 33. Rf8+ Kh7 34. Rxe8 Qxe8 35. Qf5 Qd8 36. Qh5+ Rh6 37. Qf5+ Rg6 38. Rf4 hxg3 39. hxg3 Bd7 40. Qh5+ Rh6 41. Qf3 Ne7 42. Qe4+ Ng6 43. Rh4 Qg5 44. Rxh6+ gxh6 45. Ne2 Bg4 46. Nf4 Bf5 47. Qf3 Nxf4 48. Qxf4 Qxf4 49. gxf4 Be6 50. Kf2 Kg6 51. Ke3 Kf5 52. Kf3 h5 53. Kg3 h4+ 54. Kxh4 Kxf4 55. Kh5 Kf5 56. Kh6 Bd5 57. Kg7 Ke6 58. Kf8 Bc6 59. Bd6 Bd7 60. Bc7 Bc6 61. Bd6 Bd7 62. Bc5 Bc6 63. Kg7 Be4 64. Kh6 Bc6 65. Kg5 Be8 66. Kf4 Bd7 67. Ke4 Bc6+ 68. Ke3 Kd5 69. Kd2 Bd7 70. Kc3 Be6 71. Kb4 Kc6 72. Ka5 Bd5 1/2-1/2

[Event "Wch U20 Girls 33rd"]
[Site "Khanty-Mansiysk"]
[Date "2015.09.14"]
[Round "12"]
[White "Ivanova, Karina"]
[Black "Vasova, Mariya"]
[Result "1-0"]
[WhiteElo "2177"]
[BlackElo "2069"]
[PlyCount "120"]
[EventDate "2015.09.02"]
[EventType "swiss"]
[EventRounds "13"]
[EventCountry "RUS"]
[SourceTitle "EXT 2016"]
[Source "ChessBase"]
[SourceDate "2015.10.08"]
[SourceVersion "1"]
[SourceVersionDate "2015.10.08"]
[SourceQuality "1"]

1. d4 d5 2. c4 c6 3. cxd5 cxd5 4. Nc3 Nf6 5. Nf3 Nc6 6. Bf4 Bf5 7. e3 e6 8. Bb5 Bd6 9. Bg3 0-0 10. 0-0 Rc8 11. Rc1 a6 12. Bxc6 Rxc6 13. Na4 Bxg3 14. hxg3 Qc8 15. Ne5 Rc7 16. Nb6 Rxc1 17. Nxc8 Rxd1 18. Ne7+ Kh8 19. Rxd1 Ng4 20. Nd7 Re8 21. Rc1 g5 22. Nxf5 exf5 23. Nb6 f4 24. gxf4 gxf4 25. Nxd5 fxe3 26. Nxe3 Nxe3 27. Re1 Rc8 28. Rxe3 Rc1+ 29. Kh2 Rc2 30. Rb3 b5 31. Kg3 Kg7 32. Kf3 Kf6 33. Ra3 Rxb2 34. Rxa6+ Kg5 35. Rb6 f5 36. g3 h5 37. d5 Rxa2 38. Rxb5 Rd2 39. Ke3 Rd1 40. Ke2 Rd4 41. Rc5 Kf6 42. Ke3 Rd1 43. f4 Rg1 44. Kf2 Rd1 45. Rc6+ Kf7 46. Rd6 Ke7 47. Re6+ Kf7 48. Rh6 Rxd5 49. Rxh5 Ke6 50. Kg2 Rd1 51. Rh6+ Kf7 52. Rh1 Rxh1 53. Kxh1 Kg6 54. Kg2 Kh5 55. Kf2 Kg4 56. Kg2 Kh5 57. Kf3 Kg6 58. Ke3 Kh5 59. Kd4 Kg4 60. Ke5 Kxg3 1-0

[Event "Wch U20 Girls 33rd"]
[Site "Khanty-Mansiysk"]
[Date "2015.09.11"]
[Round "9"]
[White "Aulia, Medina Warda"]
[Black "Vasova, Mariya"]
[Result "1-0"]
[WhiteElo "2417"]
[BlackElo "2069"]
[PlyCount "65"]
[EventDate "2015.09.02"]
[EventType "swiss"]
[EventRounds "13"]
[EventCountry "RUS"]
[SourceTitle "EXT 2016"]
[Source "ChessBase"]
[SourceDate "2015.10.08"]
[SourceVersion "1"]
[SourceVersionDate "2015.10.08"]
[SourceQuality "1"]

1. e4 e5 2. Nf3 Nc6 3. Bc4 Bc5 4. c3 Nf6 5. d3 0-0 6. b4 Bb6 7. Bg5 d6 8. Nbd2 Be6 9. 0-0 Qe7 10. a4 a6 11. Bxe6 Qxe6 12. Nc4 Ba7 13. b5 Ne7 14. Bxf6 Qxf6 15. Rb1 Rfd8 16. bxa6 bxa6 17. Rb7 d5 18. exd5 Rxd5 19. Qb3 Rdd8 20. Nfxe5 Nd5 21. d4 h5 22. Nf3 c5 23. Nce5 Ne7 24. Ng5 Rf8 25. Nexf7 cxd4 26. Ne5+ Kh8 27. Ngf7+ Kh7 28. h4 Qxh4 29. Nf3 Qf6 30. N3g5+ Kg6 31. Re1 dxc3 32. Re6 Bxf2+ 33. Kh1 1-0

[Event "Wch U20 Girls 33rd"]
[Site "Khanty-Mansiysk"]
[Date "2015.09.06"]
[Round "5"]
[White "Paredes Bustamante, Paula Elizabeth"]
[Black "Vasova, Mariya"]
[Result "1-0"]
[WhiteElo "2156"]
[BlackElo "2069"]
[PlyCount "101"]
[EventDate "2015.09.02"]
[EventType "swiss"]
[EventRounds "13"]
[EventCountry "RUS"]
[SourceTitle "EXT 2016"]
[Source "ChessBase"]
[SourceDate "2015.10.08"]
[SourceVersion "1"]
[SourceVersionDate "2015.10.08"]
[SourceQuality "1"]

1. e4 c6 2. d4 d5 3. exd5 cxd5 4. c4 Nf6 5. Nc3 e6 6. Nf3 Nc6 7. a3 Be7 8. c5 Ne4 9. Qc2 f5 10. Bb5 0-0 11. 0-0 Bf6 12. Rd1 Bd7 13. Bxc6 Bxc6 14. Bf4 g5 15. Be5 g4 16. Bxf6 Rxf6 17. Ne5 Rh6 18. Nxe4 dxe4 19. Qd2 Rh5 20. Qf4 Qg5 21. Qxg5+ Rxg5 22. b4 Kg7 23. a4 Kf6 24. b5 Bd5 25. Rab1 Rg7 26. Kf1 h5 27. Rdc1 Rc8 28. a5 h4 29. a6 bxa6 30. bxa6 Rgc7 31. Rb2 Kg5 32. Rcb1 Rc6 33. Nxc6 Rxc6 34. Ra1 Rc7 35. Rc1 Rc6 36. Ra1 Rc7 37. Rb8 f4 38. Ra4 f3 39. gxf3 gxf3 40. h3 Kf4 41. Rf8+ Kg5 42. Ke1 Rg7 43. Rb4 Kh6 44. Rh8+ Kg5 45. Rbb8 Kf6 46. Rhf8+ Ke7 47. Rg8 Rf7 48. Rb7+ Kf6 49. Rxf7+ Kxf7 50. Rb8 Kg6 51. Rb7 1-0

[Event "Wch U20 Girls 33rd"]
[Site "Khanty-Mansiysk"]
[Date "2015.09.03"]
[Round "2"]
[White "Vasova, Mariya"]
[Black "Sviridova, Vlada"]
[Result "0-1"]
[WhiteElo "2069"]
[BlackElo "2125"]
[PlyCount "56"]
[EventDate "2015.09.02"]
[EventType "swiss"]
[EventRounds "13"]
[EventCountry "RUS"]
[SourceTitle "EXT 2016"]
[Source "ChessBase"]
[SourceDate "2015.10.08"]
[SourceVersion "1"]
[SourceVersionDate "2015.10.08"]
[SourceQuality "1"]

1. e4 e6 2. d4 d5 3. Nd2 c5 4. exd5 Qxd5 5. Ngf3 cxd4 6. Bc4 Qd6 7. 0-0 Nf6 8. Nb3 Nc6 9. Nbxd4 Nxd4 10. Nxd4 a6 11. Re1 Qc7 12. Qe2 Bd7 13. Bg5 Bd6 14. Bxf6 gxf6 15. Bxe6 Bxh2+ 16. Kh1 0-0-0 17. Bxf7 Be5 18. c3 Kb8 19. Qc4 Qd6 20. Nf3 Bc6 21. Nxe5 fxe5 22. Qe2 Rhf8 23. Bc4 Rf4 24. Rad1 Qh6+ 25. Kg1 Rdf8 26. Qxe5+ Ka8 27. Bd5 Rh4 28. g3 Rh1+ 0-1

[Event "Vratsa op (Women)"]
[Site "Vratsa"]
[Date "2015.07.22"]
[Round "3"]
[White "Vasova, Mariya"]
[Black "Galani, Dimitra"]
[Result "1-0"]
[WhiteElo "2022"]
[BlackElo "1292"]
[PlyCount "107"]
[EventDate "2015.07.20"]
[EventType "swiss"]
[EventRounds "9"]
[EventCountry "BUL"]
[SourceTitle "CBM 167 Extra"]
[Source "ChessBase"]
[SourceDate "2015.09.14"]
[SourceVersion "1"]
[SourceVersionDate "2015.09.14"]
[SourceQuality "1"]

1. e4 c5 2. Nf3 e6 3. d4 cxd4 4. Nxd4 Nf6 5. Bd3 d6 6. 0-0 Be7 7. c4 0-0 8. Nc3 Nc6 9. Be3 d5 10. exd5 exd5 11. Nxd5 Nxd5 12. cxd5 Qxd5 13. Nxc6 Qxc6 14. Rc1 Qd7 15. Qc2 Kh8 16. Rfd1 Bd6 17. Bxh7 Qe7 18. Rxd6 Qxd6 19. Bc5 Qd8 20. Bxf8 Qxf8 21. Be4 Rb8 22. Qd1 g6 23. Qd4+ Qg7 24. Qd8+ Qg8 25. Qxg8+ Kxg8 26. Rc7 a6 27. Bd5 Be6 28. Bxe6 fxe6 29. Re7 Rd8 30. g3 Rd2 31. Rxb7 Kf8 32. a3 a5 33. Kg2 Rd5 34. h4 g5 35. h5 g4 36. h6 Kg8 37. Rg7+ Kh8 38. Rxg4 Rb5 39. b4 axb4 40. Rxb4 Ra5 41. a4 Ra6 42. g4 Kh7 43. g5 Kg6 44. Rh4 Kh7 45. Kg3 Ra5 46. Kg4 Rxa4+ 47. Kh5 Ra5 48. Re4 Ra1 49. Rxe6 Rh1+ 50. Kg4 Rg1+ 51. Kf5 Kg8 52. Kg6 Kf8 53. Rf6+ Ke8 54. h7 1-0

[Event "Vratsa op (Women)"]
[Site "Vratsa"]
[Date "2015.07.20"]
[Round "1"]
[White "Vasova, Mariya"]
[Black "Nikolova, Adriana"]
[Result "0-1"]
[WhiteElo "2022"]
[BlackElo "2332"]
[PlyCount "80"]
[EventDate "2015.07.20"]
[EventType "swiss"]
[EventRounds "9"]
[EventCountry "BUL"]
[SourceTitle "CBM 167 Extra"]
[Source "ChessBase"]
[SourceDate "2015.09.14"]
[SourceVersion "1"]
[SourceVersionDate "2015.09.14"]
[SourceQuality "1"]

1. e4 c5 2. Nf3 d6 3. d4 cxd4 4. Nxd4 Nf6 5. Nc3 a6 6. Be2 e5 7. Nb3 Be6 8. 0-0 Be7 9. Be3 Nbd7 10. Qd3 Nb6 11. Bxb6 Qxb6 12. Nd5 Nxd5 13. exd5 Bd7 14. c4 f5 15. Rfd1 Rc8 16. c5 dxc5 17. d6 c4 18. Qd5 Qxd6 19. Qxb7 Qc6 20. Qxc6 Rxc6 21. Na5 Rc5 22. Nxc4 Be6 23. Nd6+ Kf8 24. b3 e4 25. Bxa6 Rc6 26. Bc4 Bxd6 27. Bxe6 Bxh2+ 28. Kxh2 Rxe6 29. Rd8+ Re8 30. Rad1 Kf7 31. R8d5 Kf6 32. g3 h5 33. Kh3 Re6 34. Rb5 Kg5 35. a4 g6 36. a5 h4 37. Rdd5 hxg3+ 38. Kxg3 Rh4 39. Rb6 Rg4+ 40. Kh2 Re8 0-1

[Event "SRB Central-ch op-A 8th"]
[Site "Paracin"]
[Date "2015.07.03"]
[Round "1"]
[White "Vasova, Mariya"]
[Black "Strugnell, Carl"]
[Result "0-1"]
[WhiteElo "2022"]
[BlackElo "2275"]
[PlyCount "62"]
[EventDate "2015.07.03"]
[EventType "swiss"]
[EventRounds "9"]
[EventCountry "SRB"]
[SourceTitle "CBM 167 Extra"]
[Source "ChessBase"]
[SourceDate "2015.09.14"]
[SourceVersion "1"]
[SourceVersionDate "2015.09.14"]
[SourceQuality "1"]

1. e4 c5 2. Nf3 d6 3. d4 cxd4 4. Nxd4 Nf6 5. Nc3 Nc6 6. Be2 e5 7. Nb3 Be7 8. Be3 0-0 9. 0-0 a5 10. Bf3 a4 11. Nd2 a3 12. b3 Nb4 13. Nc4 Be6 14. Nb6 Ra6 15. Nca4 d5 16. Be2 Ra5 17. c3 Nxe4 18. cxb4 Bxb4 19. Qc2 Nd6 20. Bd2 Qh4 21. g3 Qd4 22. Rad1 Bf5 23. Bxb4 Qxb4 24. Qd2 Qxd2 25. Rxd2 d4 26. Rc1 Rd8 27. Rdd1 Be4 28. Rc5 Rxc5 29. Nxc5 Bg6 30. f3 Kf8 31. Kf2 Ke7 0-1

[Event "BUL-ch (Women) 64th"]
[Site "Pleven"]
[Date "2015.04.26"]
[Round "9"]
[White "Vasova, Mariya"]
[Black "Antova, Gabriela"]
[Result "1-0"]
[WhiteElo "2076"]
[BlackElo "2047"]
[PlyCount "127"]
[EventDate "2015.04.18"]
[EventType "tourn"]
[EventRounds "10"]
[EventCountry "BUL"]
[SourceTitle "CBM 166 Extra"]
[Source "ChessBase"]
[SourceDate "2015.06.18"]
[SourceVersion "1"]
[SourceVersionDate "2015.06.18"]
[SourceQuality "1"]

1. e4 c5 2. Nf3 d6 3. d4 cxd4 4. Nxd4 Nf6 5. Nc3 a6 6. Be2 e5 7. Nf3 Qc7 8. 0-0 Be7 9. Bg5 Nbd7 10. Nd5 Nxd5 11. Qxd5 Nf6 12. Bxf6 Bxf6 13. c4 Be6 14. Qd2 0-0 15. Rfd1 Rad8 16. Rac1 g6 17. Ne1 Bg7 18. Nc2 f5 19. exf5 gxf5 20. Nb4 Qf7 21. Nd5 Kh8 22. Qb4 Qg6 23. Qxb7 f4 24. Nc3 Rb8 25. Qf3 Bc8 26. Qh5 Rxb2 27. Qxg6 hxg6 28. Bf3 Be6 29. Rxd6 Bxc4 30. Nd1 Rb4 31. a3 Ra4 32. Nb2 Bb5 33. Nxa4 Bxa4 34. Rxa6 Bb5 35. Ra7 Rd8 36. h3 Bf8 37. Rcc7 Bd3 38. Bd1 g5 39. a4 Bg6 40. Rd7 Rb8 41. Rab7 Ra8 42. a5 Bf5 43. Rf7 Be6 44. Rfc7 Rxa5 45. Rb8 Kg8 46. Bc2 e4 47. Bxe4 Bf5 48. Bf3 Re5 49. Bh5 Be6 50. Bg6 Bf5 51. Bf7+ Kg7 52. Be6+ Kg6 53. Bxf5+ Rxf5 54. Rb6+ Rf6 55. Rcc6 Be7 56. Kf1 Kf5 57. Rxf6+ Bxf6 58. Ke2 Bd4 59. Rb5+ Kf6 60. Kf3 Kg6 61. Kg4 Bf6 62. Rb6 Kg7 63. Kf5 Bd4 64. Rg6+ 1-0

[Event "BUL-ch (Women) 64th"]
[Site "Pleven"]
[Date "2015.04.25"]
[Round "8"]
[White "Nikolova, Adriana"]
[Black "Vasova, Mariya"]
[Result "1-0"]
[WhiteElo "2333"]
[BlackElo "2076"]
[PlyCount "77"]
[EventDate "2015.04.18"]
[EventType "tourn"]
[EventRounds "10"]
[EventCountry "BUL"]
[SourceTitle "CBM 166 Extra"]
[Source "ChessBase"]
[SourceDate "2015.06.18"]
[SourceVersion "1"]
[SourceVersionDate "2015.06.18"]
[SourceQuality "1"]

1. e4 e6 2. d4 d5 3. Nd2 c5 4. Ngf3 cxd4 5. exd5 Qxd5 6. Bc4 Qd6 7. 0-0 Nf6 8. Nb3 Nc6 9. Nbxd4 Nxd4 10. Nxd4 a6 11. c3 Qc7 12. Bb3 Bd6 13. h3 0-0 14. Bg5 Ne4 15. Be3 Bh2+ 16. Kh1 Bf4 17. Qf3 Bxe3 18. Qxe3 Nf6 19. Rfe1 Bd7 20. a4 Rae8 21. Nf3 Nd5 22. Qd4 Qb6 23. Qxb6 Nxb6 24. a5 Nd5 25. Ne5 Bc8 26. Bxd5 exd5 27. Nd3 Re6 28. Nc5 Rc6 29. b4 Be6 30. Re3 Rfc8 31. Nxb7 Rxc3 32. Nc5 d4 33. Rxc3 dxc3 34. Rc1 Bc4 35. Rxc3 Bb5 36. Ne4 Rd8 37. Nd6 Bd7 38. Rc7 g6 39. Nb7 1-0

[Event "BUL-ch (Women) 64th"]
[Site "Pleven"]
[Date "2015.04.20"]
[Round "3"]
[White "Vasova, Mariya"]
[Black "Voiska, Margarita"]
[Result "1/2-1/2"]
[WhiteElo "2076"]
[BlackElo "2367"]
[PlyCount "66"]
[EventDate "2015.04.18"]
[EventType "tourn"]
[EventRounds "10"]
[EventCountry "BUL"]
[SourceTitle "CBM 166 Extra"]
[Source "ChessBase"]
[SourceDate "2015.06.18"]
[SourceVersion "1"]
[SourceVersionDate "2015.06.18"]
[SourceQuality "1"]

1. e4 e5 2. Nf3 Nc6 3. Bc4 Nf6 4. d3 Bc5 5. Bb3 h6 6. h3 d6 7. c3 0-0 8. 0-0 Bb6 9. Nbd2 Ne7 10. Nc4 Ng6 11. Nxb6 axb6 12. Re1 Nh5 13. Nxe5 Nxe5 14. Qxh5 Nxd3 15. Re3 Nxc1 16. Rxc1 Ra5 17. Qf3 Be6 18. Rce1 Bxb3 19. axb3 Re8 20. e5 Raxe5 21. Qxb7 Rxe3 22. Rxe3 Rxe3 23. fxe3 Qe7 24. e4 g6 25. b4 h5 26. Qc6 Kg7 27. Qb7 h4 28. Qc6 f5 29. exf5 Qe1+ 30. Kh2 Qe5+ 31. Kg1 Qe1+ 32. Kh2 Qe5+ 33. Kg1 Qe1+ 1/2-1/2

[Event "BUL-ch U20 Girls"]
[Site "Sofia"]
[Date "2015.02.19"]
[Round "1"]
[White "Galunova, Tsveta"]
[Black "Vasova, Mariya"]
[Result "1/2-1/2"]
[WhiteElo "2157"]
[BlackElo "2047"]
[PlyCount "122"]
[EventDate "2015.02.19"]
[EventType "tourn"]
[EventRounds "6"]
[EventCountry "BUL"]
[SourceTitle "CBM 165 Extra"]
[Source "ChessBase"]
[SourceDate "2015.04.21"]
[SourceVersion "1"]
[SourceVersionDate "2015.04.21"]
[SourceQuality "1"]

1. e4 c6 2. d4 d5 3. exd5 cxd5 4. c4 Nf6 5. Nc3 e6 6. Nf3 Nc6 7. Bd3 dxc4 8. Bxc4 Be7 9. 0-0 0-0 10. Re1 b6 11. a3 Bb7 12. Qd3 Na5 13. Ba2 Bxf3 14. gxf3 Rc8 15. Bg5 Nh5 16. Bb1 g6 17. Bh6 Re8 18. Ne4 Nc4 19. Ba2 Nd6 20. Rac1 Rxc1 21. Bxc1 Nxe4 22. fxe4 Bg5 23. Kh1 Bxc1 24. Rxc1 Qh4 25. Qf3 Nf6 26. Bb1 Ng4 27. Qg3 Nxf2+ 28. Kg2 Qh6 29. Rf1 Nxe4 30. Bxe4 Rc8 31. Qf4 Qg7 32. Qf2 Rc4 33. Rd1 e5 34. dxe5 Qxe5 35. Bf3 Kg7 36. Re1 Qf6 37. Re2 Rf4 38. Qg3 Rc4 39. Qe5 h5 40. Qxf6+ Kxf6 41. Bd5 Rc7 42. Rf2+ Kg7 43. Kf3 f5 44. Kf4 Kf6 45. h4 Rc1 46. Re2 Rf1+ 47. Kg3 Rd1 48. Bc4 Rd4 49. Ba2 Rd7 50. Re6+ Kg7 51. Re2 Kh6 52. Bb1 Kg7 53. Ba2 Kh6 54. Be6 Rd3+ 55. Kg2 Rd4 56. Kg3 Rd3+ 57. Kh2 Rd4 58. Kh3 Rd3+ 59. Kg2 Rd4 60. Kg3 Rd3+ 61. Kg2 Rd4 1/2-1/2

[Event "BUL-ch sf (Women)"]
[Site "Plovdiv"]
[Date "2015.01.29"]
[Round "7"]
[White "Vasova, Mariya"]
[Black "Dimitrova, Gergana"]
[Result "1/2-1/2"]
[WhiteElo "2047"]
[BlackElo "1546"]
[PlyCount "64"]
[EventDate "2015.01.25"]
[EventType "tourn"]
[EventRounds "9"]
[EventCountry "BUL"]
[SourceTitle "EXT 2016"]
[Source "ChessBase"]
[SourceDate "2015.10.08"]
[SourceVersion "1"]
[SourceVersionDate "2015.10.08"]
[SourceQuality "1"]

1. e4 e6 2. d4 d5 3. Nd2 c5 4. exd5 Qxd5 5. Ngf3 cxd4 6. Bc4 Qd6 7. 0-0 Nc6 8. Nb3 Nf6 9. Nbxd4 Nxd4 10. Nxd4 a6 11. b3 Qc7 12. Bb2 Bd6 13. h3 0-0 14. a4 Rd8 15. Qe2 Bd7 16. Rfd1 Rac8 17. Rac1 Bf4 18. Ra1 Qe5 19. Qf3 Qe4 20. Qxe4 Nxe4 21. Ne2 Bg5 22. Bd4 Bc6 23. f3 Nd2 24. f4 Nxc4 25. fxg5 Nd6 26. Bb6 Rd7 27. Ng3 Nf5 28. Nxf5 Rxd1+ 29. Rxd1 exf5 30. Kf2 Be4 31. Rd7 Bxc2 32. Rxb7 Bxb3 1/2-1/2